| 000 | 02282cam a22004694i 4500 | ||
|---|---|---|---|
| 003 | PE-LiUPU | ||
| 005 | 20250731172935.0 | ||
| 008 | 150623s r 000 0 d | ||
| 020 | _a0802843441 | ||
| 035 | _a(Sirsi) i9780802843449 | ||
| 040 |
_aPE-LiUPU _bspa _cPE-LiUPU _erda |
||
| 049 | _aPRUA | ||
| 082 | 0 | 4 |
_a296.155 _bF58S _221 |
| 100 | 1 |
_aFitzmyer, Joseph A., _eautor. |
|
| 245 | 1 | 4 |
_aThe semitic background of the new testament : _bA wandering Aramean: collected Aramaic essays / _cJoseph A. Fitzmyer. |
| 264 | 1 |
_aMichigan : _bWilliam B. Eerdmans Publishing Company, _c1997. |
|
| 300 |
_a524 p.; 300 páginas ; _c24 centímetros |
||
| 336 |
_atext _2rdacontent |
||
| 337 |
_aunmediated _2rdamedia |
||
| 338 |
_avolume _2rdacarrier |
||
| 500 | _aEsta es una edición combinada. | ||
| 505 | 0 | _aEssays on the semitic background of the new testament: The use of the old testament. -The semitic background of various gospel passages. -Pauline passages. -The epistle to the hebrews. -Early christianity. -A wandering aramean: The study of Aramaic background of the new testament. -The languages of Palestine in the first century A.D. -The phases of the Aramaic language. -The contribution of Qumram áramaic to the study of the new testament. -The semitic background of the new testament Kyrios-title. -The new testament title "son of man". -The first-century targum of job from Qumram cave XI. -Aramaic epistolography. -The syntax of .. in Aramaic. -The Padua Aramaic papyrus letters. -The Aramaic letter of king adon to the Egyptian pharaoh. | |
| 526 | _aSEG42 | ||
| 526 | _aSEG41 | ||
| 526 | _aSEG40 | ||
| 526 | _aSEG39 | ||
| 526 | _aP94 | ||
| 526 | _aP87 | ||
| 526 | _aP86 | ||
| 526 | _aP85 | ||
| 526 | _aP77 | ||
| 526 | _aP76 | ||
| 526 | _aP35 | ||
| 650 | 0 | 4 | _aLITERATURA ARAMEA. |
| 650 | 0 | 4 | _aMANUSCRITOS DEL MAR MUERTO. |
| 942 |
_2ddc _cBOOK |
||
| 949 |
_a296.155 F58S _wDEWEY _c1 _i44376 _lCCODEBUL1 _mBUL _r0 _sY _tBOOK _u2015-6-24 _xTEOLOGIA _PP35 _0COMPRA _o.STAFF. Colección General |
||
| 994 |
_aC0 _bPEPRU |
||
| 596 | _a1 | ||
| 999 |
_a296.155 F58S _wDEWEY _c21256 _i44376 _f2021-11-11 _g5 _lCCODEBUL1 _mBUL _r0 _sY _tBOOK _u2015-6-24 _xTEOLOGIA _PP35 _0COMPRA _o.STAFF. Colección General _d21256 |
||
| 980 |
_81 _gALBERTO SANCHEZ Responsable de Automatización |
||